| 000 | 00932 a2200241 4500 | ||
|---|---|---|---|
| 003 | Nust | ||
| 005 | 20221022124313.0 | ||
| 010 | _a 00703188 | ||
| 020 | _a0750647485 | ||
| 035 | _a(OCoLC)ocm43541482 | ||
| 040 | _cNust | ||
| 082 | 0 | 0 | _a621.3,BIR |
| 100 | 1 |
_aBird, J. O. _944903 |
|
| 245 | 1 | 0 |
_aElectrical and electronic principles and technology / _cJohn Bird. |
| 250 | _a2nd ed. | ||
| 260 |
_aOxford ; _aBoston : _bNewnes, _cc2000. |
||
| 300 |
_a370 p. : _bill. ; _c25 cm. |
||
| 505 | _aSection 1; Basic Electrical and Electronic Engineering Principles (Page-1), Section 2: Future Electrical and Electronic Principles (Page-155), Section 3: Electrical Power Technology (Page-273). | ||
| 650 | 0 | _aElectrical engineering. | |
| 856 | 4 | 2 |
_3Publisher description _uhttp://www.loc.gov/catdir/description/els031/00703188.html |
| 856 | 4 | 2 |
_3Table of contents _uhttp://www.loc.gov/catdir/toc/els031/00703188.html |
| 942 |
_2ddc _cBK |
||
| 999 |
_c181136 _d181136 |
||